miraculous ladybug Marc Anciel - Statistics

General Stats
  • This quiz has been taken 327 times
  • The average score is 12 of 15
Answer Stats
Question Answer % Correct
Who does Marc have a 'fondness' for? Nathaniel
100%
What is his akumatized name? reverser
100%
Who are the two people he wants revenge on as Reverser? marinette and nathaniel
95%
What is the first story/writing we have seen of his? the diary of ladybug
93%
What colour are his nails painted? black
91%
What is his favorite hobby? writing
91%
What does Marc drop when running from the art room? book
84%
Where is he when he gets akumatized? in front of a fountain
84%
Where is Marc sitting at the beginning of the episode Reverser? under the stairs
82%
What colour are Marc's eyes? green
75%
What is Marc's surname a pun of? rainbow
75%
(Slightly harder one to Finnish off) What is the voice line he uses toward Chat Noir in the episode Reverser? what's wrong kitty, got vertigo?
75%
Why was he akumatized? he was rejected
66%
Where was his akuma? in his giant paper airplane
59%
What was the first name of the individual of inspiration for Marc's design? Hope
41%
No matching quizzes found
Score Distribution
Percent of People with Each Score
Percentile by Number Answered
Your Score History
You have not taken this quiz